00395nam a22001577a 4500003000500000005001700005008004100022020001800063040000600081082001600087100001800103245003900121260003600160300000900196650003200205CEME20210628202020.0210129b xxu||||| |||| 00| 0 eng d a1-84135-136-9 c. a823.008 BLY aBlyth, W John aThe fairy kitten and other stories aLONDONbAWARD PUBLICATIONc2003 a191P aENGLISH LITERATURE- STORIES